000 01698nam a22002417a 4500
001 3808
003 FISKH
005 20240510101122.0
008 240510b cb ||||| |||| 00| 0 eng d
020 _a9781402757792
040 _aFISKH
_beng
_cFISKH
_dFISKH
050 _aQL668.E2
082 _a597.89
100 _aBehler, John L.
_d1943-2006
245 _aFrogs:
_bA chorus of colors /
_cJohn L. Behler, Deborah A. Behler
260 _aNew York :
_bSterling ;
_c2005.
300 _a160 pages :
_bcolor illustrations ;
_c27 cm
520 _aA companion to the unique traveling exhibit--one of the most popular ever at museums throughout the nation--pays long-overdue homage to the fascinating frog. With richly colorful photos and compelling, informative descriptions, John and Deborah Behler have carefully crafted a wonderful tribute to the amazingly complex frog. With decades of expertise in conservation, the Behlers are unequaled in their ability to capture the wild and ever-changing world of these amphibians--all 5,000 species. They reveal an unexpected diversity of form, lifestyle, and ecology, and take readers on a magical journey that makes vibrantly clear why these creatures are so important. Breathtaking and brilliant images show tadpoles in water and on leaves; a many-hued variety of frogs (bright blue, golden yellow and black, red and turquoise) in their environment; African sand frogs and chirping frogs; Oriental fire-bellied frogs; and tiny three-toed toadlets--among the smallest that exist. It's a vision not to be missed.
650 _aSpecial Exhibits
_vBiology
_xNature
700 _aBehler, Deborah A.
_eAuthor
942 _2ddc
_cBK
_n0
999 _c3808
_d3808